000 00447nam a2200181 a 4500
001 5219
003 CO-ViMGA
008 141112s2004 ck r 000 u spa d
040 _aCO-ViMGA
_bspa
_cCO-ViMGA
082 0 4 _aLAJc
100 1 _aLairla, Sergio
_93538
245 1 0 _aEl ciempies metepatas
260 _aMadrid :
_bAnaya,
_c1993
300 _a(26 p) : il
490 _aFácil de leer
650 1 4 _aCUENTOS INFANTILES
_92743
942 _2ddc
_cBK
999 _c17218
_d17218